00814nam a2200241Ia 4500001000600000003000900006008004100015040001300056040001300069041001300082100001900095100002800114245003700142245002900179250001100208260001000219260002800229260004900257300005700306500015400363650002400517650003100541 8597IT-RoPAU130308s9999 xx 000 0 und d aIT-RoPAU cIT-RoPAU aFRANCESE aCasalis Didier gCodice Aut. SPICS: 780 aBakhtine et la sociolinguistique bSchema et Schematisation a1a ed. aPARIS bSociete' De Bibliologie c1978 [1° Ed.:1978 - Ed.Ling.Originale:1978] a"11 p. (prefazione: no ; testo: 11 [pagine: 11-21])" aMikhail Bakhtine e la Sociolinguistica Linguistica sovietica degli Anni venti Alla Fine dell'Era Staliniana conseguenze della Materialità€ del Segno aSAGGI DI SEMIOLOGIA eCodice materia Spics: 3257